000 00383nam a2200145Ia 4500
008 230711s9999||||xx |||||||||||||| ||und||
041 _aENG
082 _a621
_bSU-T
100 _aSubrahmanyam V
245 0 _aThyristor control of electric devices
250 _a1st
260 _c1993
_aNew Delhi
_bTata McGraw Hill Education Limited
650 _aElectrical Engineering
942 _cBK
999 _c2684
_d2684